000 00419nam a2200181Ia 4500
008 170705s9999 xx 000 0 und d
020 _a9780516221274
245 _aMy eyes /
245 _cLloyd G. Douglas.
260 _aNew York :
260 _bChildren's Press,
260 _c2003
300 _a24 pages :
300 _bcolor illustration ;
300 _c19cm.
440 _aWelcome books.
500 _a200
999 _c335432
_d335432